Cuentos hispanoamericanos del siglo XX / (Record no. 116181)

MARC details
000 -CABECERA
campo de control de longitud fija 00714nam a2200217 a 4500
005 - FECHA Y HORA DE LA ÚLTIMA TRANSACCIÓN
campo de control 20220610135650.0
008 - ELEMENTOS DE LONGITUD FIJA--INFORMACIÓN GENERAL
campo de control de longitud fija 060428s2004 es r 000 0 spa d
020 ## - NÚMERO INTERNACIONAL NORMALIZADO PARA LIBROS
Número Internacional Estándar del Libro 8466736662
035 ## - NÚMERO DE CONTROL DEL SISTEMA
Número de control de sistema UPN01000144034
049 ## - COLECCIÓN
Colección CG
050 #4 - SIGNATURA TOPOGRÁFICA DE LA BIBLIOTECA DEL CONGRESO
Número de clasificación PQ7085
Número de documento/Ítem C8.36
245 00 - MENCIÓN DE TÍTULO
Título Cuentos hispanoamericanos del siglo XX /
Mención de responsabilidad, etc. ed. Juan Carlos Peinado ; Horacio Quiroga ... [et al.].
260 ## - PUBLICACIÓN, DISTRIBUCIÓN, ETC.
Lugar de publicación, distribución, etc. Madrid :
Nombre del editor, distribuidor, etc. Anaya,
Fecha de publicación, distribución, etc. 2004.
300 ## - DESCRIPCIÓN FÍSICA
Extensión 156 p. :
Otras características físicas il.
440 #0 - MENCIÓN DE SERIE/ASIENTO SECUNDARIO--TÍTULO
Título Nueva biblioteca didáctica ;
Designación de volumen o secuencia 23
650 #0 - ASIENTO SECUNDARIO DE MATERIA - TERMINO TEMATICO
Término de materia o nombre geográfico como elemento de entrada Cuentos hispanoamericanos
9 (RLIN) 12873
650 #0 - ASIENTO SECUNDARIO DE MATERIA - TERMINO TEMATICO
Término de materia o nombre geográfico como elemento de entrada Literatura hispanoamericana
Subdivisión cronológica Siglo XX
9 (RLIN) 23499
700 1# - ASIENTO SECUNDARIO--NOMBRE DE PERSONAL
Nombre de persona Quiroga, Horacio,
Fechas asociadas al nombre 1878-1937
Término indicativo de función/relación coaut.
9 (RLIN) 29892
700 1# - ASIENTO SECUNDARIO--NOMBRE DE PERSONAL
Nombre de persona Peinado, Juan Carlo,
Término indicativo de función/relación ed.
905 ## - TIPO DE MATERIAL
Tipo de material Libro
Holdings
Estado de retiro Estado de pérdida Fuente del sistema de clasificación o colocación Estado dañado No para préstamo Código de colección Localización permanente Ubicación/localización actual Ubicación en estantería Total de préstamos Clasificación Código de barras Fecha visto por última vez Número de copia Tipo de ítem Koha
    Library of Congress Classification     Colección General Bib. Gregorio Torres Quintero Bib. Gregorio Torres Quintero Planta baja   PQ7085 C8.36 238081 31/12/2020 1 Libro